[Event "Paracin Amateur op"]
[Site "Paracin"]
[Date "2020.01.31"]
[Round "1"]
[White "Agai, Dzabir"]
[Black "Stanojevic, Ilija"]
[Result "0-1"]
[WhiteElo "1764"]
[BlackElo "2223"]
[PlyCount "88"]
[EventDate "2020.01.31"]
[EventType "swiss"]
[EventRounds "9"]
[EventCountry "SRB"]
[SourceTitle "CBM 194 Extra"]
[Source "ChessBase"]
[SourceDate "2020.03.31"]
[SourceVersion "1"]
[SourceVersionDate "2020.03.31"]
[SourceQuality "1"]

1. e4 d6 2. d4 Nf6 3. Nc3 g6 4. Be2 Bg7 5. Be3 c6 6. g4 b5 7. g5 Nfd7 8. h3 Na6 9. Nf3 Nc7 10. h4 e5 11. d5 cxd5 12. Nxd5 Bb7 13. Nc3 Nc5 14. Nd2 a6 15. Bg4 N5e6 16. Bb6 Qe7 17. Bxc7 Nxc7 18. Nf1 0-0 19. Ne3 f5 20. gxf6 Qxf6 21. Rf1 h5 22. Ned5 Nxd5 23. Nxd5 Qf7 24. Be2 Bh6 25. Qd3 Bxd5 26. exd5 Kg7 27. f3 Qf4 28. Kd1 Qxh4 29. c3 Qa4+ 30. Qc2 Qxc2+ 31. Kxc2 Rf4 32. Bd3 g5 33. Be2 h4 34. a4 bxa4 35. c4 e4 36. fxe4 Rxe4 37. Bd3 Re3 38. Rxa4 h3 39. Rh1 Rf8 40. Rxa6 Rf2+ 41. Kc3 Rff3 42. Rd1 h2 43. Rh1 g4 44. c5 Rxd3+ 0-1

[Event "Paracin Summer op-B 11th"]
[Site "Paracin"]
[Date "2018.07.06"]
[Round "1"]
[White "Agai, Dzabir"]
[Black "Opacic, Alexandar"]
[Result "0-1"]
[WhiteElo "1680"]
[BlackElo "2052"]
[PlyCount "77"]
[EventDate "2018.07.06"]
[EventType "swiss"]
[EventRounds "9"]
[EventCountry "SRB"]
[SourceTitle "EXT 2019"]
[Source "ChessBase"]
[SourceDate "2018.10.10"]
[SourceVersion "1"]
[SourceVersionDate "2018.10.10"]
[SourceQuality "1"]

1. d4 d5 2. Nf3 c6 3. c4 Nf6 4. cxd5 cxd5 5. Nc3 Nc6 6. g3 e6 7. Bg2 Be7 8. 0-0 0-0 9. Re1 Bd7 10. e4 dxe4 11. Nxe4 Nxe4 12. Rxe4 Nb4 13. Ne5 Rc8 14. a3 Nd5 15. Qb3 b6 16. Re2 Be8 17. Bd2 Bf6 18. Rae1 Bxe5 19. Rxe5 Bc6 20. Qd3 Qd7 21. Bh3 Nf6 22. Bg5 Ba8 23. Bxf6 gxf6 24. Rh5 f5 25. Bg2 Bxg2 26. Kxg2 Rfd8 27. Rh4 Qd5+ 28. Kg1 Qd6 29. Qf3 Qf8 30. Rh5 Rd5 31. Qf4 Kh8 32. Qh4 Qg7 33. Rg5 Qxd4 34. Qh6 Qxb2 35. Rh5 Qg7 36. Qf4 Rd7 37. Rg5 Qc3 38. Re3 Qd4 39. Qf3 0-1

[Event "Paracin Winter op"]
[Site "Paracin"]
[Date "2018.02.04"]
[Round "8"]
[White "Agai, Dzabir"]
[Black "Nikolic, Lazar"]
[Result "1/2-1/2"]
[WhiteElo "1769"]
[BlackElo "1546"]
[PlyCount "23"]
[EventDate "2018.01.30"]
[EventType "swiss"]
[EventRounds "9"]
[EventCountry "SRB"]
[SourceTitle "CBM 182 Extra"]
[Source "ChessBase"]
[SourceDate "2018.02.23"]
[SourceVersion "1"]
[SourceVersionDate "2018.02.23"]
[SourceQuality "1"]

1. Nf3 e6 2. d4 d5 3. c4 Bb4+ 4. Nc3 Ne7 5. Qc2 0-0 6. a3 Bxc3+ 7. bxc3 dxc4 8. e4 Nd7 9. Bxc4 b6 10. h4 Bb7 11. a4 Nf6 12. Bd3 1/2-1/2

[Event "Paracin Winter op"]
[Site "Paracin"]
[Date "2018.01.30"]
[Round "1"]
[White "Agai, Dzabir"]
[Black "Radosavljevic, Slobodan D"]
[Result "0-1"]
[WhiteElo "1769"]
[BlackElo "2268"]
[PlyCount "48"]
[EventDate "2018.01.30"]
[EventType "swiss"]
[EventRounds "9"]
[EventCountry "SRB"]
[SourceTitle "CBM 182 Extra"]
[Source "ChessBase"]
[SourceDate "2018.02.23"]
[SourceVersion "1"]
[SourceVersionDate "2018.02.23"]
[SourceQuality "1"]

1. d4 c5 2. Nf3 cxd4 3. Nxd4 Nf6 4. Nc3 g6 5. e4 d6 6. Be2 Bg7 7. 0-0 0-0 8. Be3 Nc6 9. Qd2 d5 10. exd5 Nxd5 11. Nxd5 Nxd4 12. Bxd4 Qxd5 13. c3 Bxd4 14. Qxd4 Qxd4 15. cxd4 Rd8 16. Rfd1 Be6 17. Rd2 Rd6 18. b3 a5 19. Bf3 a4 20. d5 axb3 21. Rb2 Bxd5 22. Bxd5 Rxd5 23. Rxb3 Rxa2 24. Rxa2 Rd1# 0-1

[Event "SRB-chT3 East"]
[Site "Serbia"]
[Date "2017.10.15"]
[Round "11.1"]
[White "Agai, Dzabir"]
[Black "Dimitrijevic, Zoran S"]
[Result "1/2-1/2"]
[WhiteElo "1831"]
[BlackElo "1654"]
[PlyCount "59"]
[EventDate "2017.09.03"]
[EventType "team-tourn"]
[EventRounds "11"]
[EventCountry "SRB"]
[SourceTitle "EXT 2022"]
[Source "ChessBase"]
[SourceDate "2021.10.06"]
[SourceVersion "1"]
[SourceVersionDate "2021.10.06"]
[SourceQuality "1"]

1. d4 d5 2. c4 c6 3. Nc3 Nf6 4. e3 Bf5 5. Nf3 e6 6. a3 Bd6 7. Be2 dxc4 8. Bxc4 0-0 9. 0-0 Nbd7 10. Re1 Ne4 11. Nxe4 Bxe4 12. Bd3 Bxd3 13. Qxd3 Nb6 14. b4 Re8 15. Qb3 e5 16. dxe5 Bxe5 17. Nxe5 Rxe5 18. Bb2 Rd5 19. Rad1 Qg5 20. Rxd5 Qxd5 21. Qc3 f6 22. e4 Qc4 23. Qg3 Qf7 24. h4 h5 25. Bd4 Rd8 26. Ba1 Nc4 27. f4 Qe6 28. Qf3 Qf7 29. Qg3 Qe6 30. e5 1/2-1/2

[Event "SRB-chT3 East"]
[Site "Serbia"]
[Date "2017.10.13"]
[Round "7.4"]
[White "Agai, Dzabir"]
[Black "Laban, Dragan"]
[Result "0-1"]
[WhiteElo "1831"]
[BlackElo "1608"]
[PlyCount "136"]
[EventDate "2017.09.03"]
[EventType "team-tourn"]
[EventRounds "11"]
[EventCountry "SRB"]
[SourceTitle "EXT 2022"]
[Source "ChessBase"]
[SourceDate "2021.10.06"]
[SourceVersion "1"]
[SourceVersionDate "2021.10.06"]
[SourceQuality "1"]

1. d4 Nf6 2. Nf3 d5 3. c4 Bf5 4. Nc3 e6 5. cxd5 exd5 6. Bg5 c6 7. Nh4 Be6 8. g3 Nbd7 9. Bg2 h6 10. Bd2 Be7 11. Qc2 Nb6 12. b3 Qd7 13. Nf3 Bf5 14. Qc1 Rc8 15. 0-0 0-0 16. Ne5 Qe6 17. Qb2 Rfd8 18. Rfe1 Ne4 19. Nd3 Nxd2 20. Qxd2 Nd7 21. Rac1 Bf6 22. Nf4 Qd6 23. e4 dxe4 24. Bxe4 Bxe4 25. Nxe4 Qxd4 26. Nxf6+ Nxf6 27. Qa5 Ne4 28. Nh3 Nd2 29. Re3 Rd5 30. Qa3 Qg4 31. Nf4 Rf5 32. h3 Qg5 33. Kh2 Rb5 34. Qb2 Rd8 35. Rce1 Qc5 36. Re8+ Kh7 37. Kg2 Qd4 38. Qc2+ f5 39. Rxd8 Qxd8 40. Rd1 Rd5 41. Rxd2 Rxd2 42. Qxf5+ Kg8 43. Qe6+ Kh8 44. Ng6+ Kh7 45. Ne7 Qe8 46. Qe3 g6 47. Qe6 Rd7 48. Nxg6 Qxe6 49. Nf8+ Kg8 50. Nxe6 Rd2 51. a4 Rb2 52. Nd4 c5 53. Ne6 b6 54. a5 Rxb3 55. axb6 axb6 56. Kf1 Kf7 57. Nf4 Rb4 58. Ke2 Rd4 59. Ke3 b5 60. Nd3 Rd5 61. Ke4 c4 62. Nb4 Rd2 63. f4 c3 64. Ke3 h5 65. Nc6 Rd6 66. Nb4 h4 67. g4 Kf6 68. Na2 c2 0-1

[Event "SRB-chT3 East"]
[Site "Serbia"]
[Date "2017.10.13"]
[Round "8.3"]
[White "Nikolic, Nikola"]
[Black "Agai, Dzabir"]
[Result "1/2-1/2"]
[WhiteElo "1840"]
[BlackElo "1831"]
[PlyCount "59"]
[EventDate "2017.09.03"]
[EventType "team-tourn"]
[EventRounds "11"]
[EventCountry "SRB"]
[SourceTitle "EXT 2022"]
[Source "ChessBase"]
[SourceDate "2021.10.06"]
[SourceVersion "1"]
[SourceVersionDate "2021.10.06"]
[SourceQuality "1"]

1. d4 Nf6 2. c4 c6 3. Nc3 d5 4. Nf3 e6 5. g3 Be7 6. Bg2 Nbd7 7. b3 Bb4 8. Qc2 Ne4 9. Bb2 Qa5 10. Rc1 Qxa2 11. 0-0 Bxc3 12. Bxc3 Qxc2 13. Rxc2 Nxc3 14. Rxc3 0-0 15. Nd2 Nf6 16. Ra1 Bd7 17. c5 Ne8 18. e3 Nc7 19. Bf1 f6 20. f4 a6 21. b4 Rfe8 22. Nf3 Kf7 23. Bd3 g6 24. h4 Rg8 25. Kf2 Ke7 26. Rca3 Raf8 27. Rh1 h6 28. Kg2 Ne8 29. g4 Nc7 30. g5 1/2-1/2

[Event "Paracin Summer op-B 10th"]
[Site "Paracin"]
[Date "2017.07.12"]
[Round "7"]
[White "Agai, Dzabir"]
[Black "Radovic, Goran"]
[Result "0-1"]
[WhiteElo "1808"]
[BlackElo "1940"]
[PlyCount "78"]
[EventDate "2017.07.07"]
[EventType "swiss"]
[EventRounds "9"]
[EventCountry "SRB"]
[SourceTitle "EXT 2020"]
[Source "ChessBase"]
[SourceDate "2019.10.17"]
[SourceVersion "1"]
[SourceVersionDate "2019.10.17"]
[SourceQuality "1"]

1. d4 Nf6 2. c4 g6 3. Nc3 d5 4. Bg5 Bg7 5. Bxf6 Bxf6 6. Nxd5 Bg7 7. e3 0-0 8. Nc3 c5 9. d5 Qa5 10. Qb3 a6 11. Bd3 b5 12. Nge2 bxc4 13. Bxc4 Nd7 14. 0-0 Rb8 15. Qc2 Ne5 16. Bb3 Qb4 17. Rab1 Qh4 18. Qe4 Ng4 19. h3 Bf5 20. Qf3 Ne5 21. Qf4 Qxf4 22. exf4 Bxb1 23. Rxb1 c4 24. fxe5 cxb3 25. f4 bxa2 26. Nxa2 f6 27. Nd4 fxe5 28. Nc6 exf4 29. Nxb8 Rxb8 30. b4 Rb5 31. Rd1 Be5 32. Kf1 Kf7 33. Ke2 Kf6 34. Kf3 Kf5 35. h4 h6 36. Rd3 g5 37. hxg5 hxg5 38. Ra3 Rxd5 39. Rxa6 Rd2 0-1

[Event "Paracin Summer op-B 10th"]
[Site "Paracin"]
[Date "2017.07.08"]
[Round "2"]
[White "Zivanovic, Miroslav"]
[Black "Agai, Dzabir"]
[Result "1/2-1/2"]
[WhiteElo "1979"]
[BlackElo "1808"]
[PlyCount "98"]
[EventDate "2017.07.07"]
[EventType "swiss"]
[EventRounds "9"]
[EventCountry "SRB"]
[SourceTitle "EXT 2020"]
[Source "ChessBase"]
[SourceDate "2019.10.17"]
[SourceVersion "1"]
[SourceVersionDate "2019.10.17"]
[SourceQuality "1"]

1. e4 e5 2. Bc4 Qe7 3. Nc3 c6 4. a4 d6 5. h3 Be6 6. Qe2 Nf6 7. Nf3 h6 8. 0-0 Nbd7 9. d4 Bxc4 10. Qxc4 g5 11. Rd1 Bg7 12. Be3 0-0 13. Qb4 exd4 14. Qxd4 Ne8 15. Qb4 Ne5 16. Ne2 c5 17. Qb3 Nc6 18. Ng3 b6 19. Qd5 Rc8 20. Nf5 Qf6 21. c3 Ne7 22. Nxe7+ Qxe7 23. Nh2 Be5 24. Ng4 Nf6 25. Nxf6+ Qxf6 26. Qb7 Ra8 27. Qd7 Rfd8 28. Qg4 Qg6 29. Rd5 Qe6 30. Qf3 Rf8 31. Qf5 Rae8 32. Rad1 Qxf5 33. exf5 Kg7 34. g3 Bxg3 35. Bxg5 Bxf2+ 36. Kxf2 hxg5 37. Rxd6 Re5 38. Kf3 Rxf5+ 39. Kg4 Re5 40. Rd7 Kg6 41. R1d6+ f6 42. Rxa7 Re3 43. h4 Re4+ 44. Kf3 Rf4+ 45. Kg3 Rxh4 46. Rxb6 Rd8 47. Raa6 Rd3+ 48. Kg2 Rd2+ 49. Kg3 Rf4 1/2-1/2

[Event "Paracin-ch"]
[Site "Paracin"]
[Date "2017.02.05"]
[Round "9"]
[White "Agai, Dzabir"]
[Black "Kostic, Dusan B"]
[Result "1-0"]
[WhiteElo "1792"]
[BlackElo "1956"]
[PlyCount "71"]
[EventDate "2017.01.31"]
[EventType "swiss"]
[EventRounds "9"]
[EventCountry "SRB"]
[SourceTitle "CBM 176 Extra"]
[Source "ChessBase"]
[SourceDate "2017.03.02"]
[SourceVersion "1"]
[SourceVersionDate "2017.03.02"]
[SourceQuality "1"]

1. d4 d5 2. c4 c6 3. Nc3 e6 4. Bf4 a6 5. e3 Nd7 6. Nf3 Ngf6 7. Bd3 b6 8. Qc2 h6 9. Ne5 Bb7 10. cxd5 cxd5 11. Rc1 Rc8 12. Qe2 b5 13. 0-0 Be7 14. Bb1 Nb6 15. Ng4 Nc4 16. Nxf6+ Bxf6 17. b3 Nb6 18. Qh5 Ke7 19. Ne2 g6 20. Qh3 h5 21. Rxc8 Qxc8 22. Rc1 Bc6 23. Qg3 Qd7 24. Bg5 Rg8 25. Nf4 Rc8 26. Bxf6+ Kxf6 27. Qh4+ Kg7 28. Qg5 Rh8 29. Bxg6 fxg6 30. Qxg6+ Kf8 31. Nxe6+ Ke7 32. Qg7+ Kxe6 33. Qxh8 Kd6 34. Qxh5 b4 35. Qh8 Kc7 36. f4 1-0

[Event "SRB-chT3 East CS"]
[Site "Kladovo"]
[Date "2016.10.13"]
[Round "6.46"]
[White "Mijajlovic, Jovan"]
[Black "Agai, Dzabir"]
[Result "1-0"]
[WhiteElo "1864"]
[BlackElo "1701"]
[PlyCount "117"]
[EventDate "2016.09.04"]
[EventType "team-tourn"]
[EventRounds "11"]
[EventCountry "SRB"]
[SourceTitle "EXT 2021"]
[Source "ChessBase"]
[SourceDate "2020.10.23"]
[SourceVersion "1"]
[SourceVersionDate "2020.10.23"]
[SourceQuality "1"]

1. e4 c5 2. Nf3 g6 3. d4 cxd4 4. Nxd4 Nf6 5. Nc3 Bg7 6. e5 Ng8 7. Bc4 Nc6 8. Nxc6 bxc6 9. 0-0 Nh6 10. Bf4 Qb6 11. Qd2 Nf5 12. Rad1 0-0 13. Na4 Qc7 14. Bxf7+ Rxf7 15. e6 d6 16. exf7+ Kxf7 17. Rfe1 e5 18. Bg3 Be6 19. Nc3 Bh6 20. Qd3 Nd4 21. f4 Bf5 22. Qc4+ Be6 23. Qf1 Nf5 24. fxe5 d5 25. Bf4 Bxf4 26. Qxf4 Kg8 27. Kh1 Rf8 28. Qd2 Qe7 29. Ne2 Qh4 30. Nd4 Ng3+ 31. Kg1 Ne4 32. Rxe4 dxe4 33. Nxe6 e3 34. Qxe3 Qg4 35. Rf1 Rxf1+ 36. Kxf1 Qxe6 37. Qb3 Kf7 38. Ke2 Qxb3 39. axb3 Ke6 40. Ke3 Kxe5 41. b4 Kd5 42. Kd3 a6 43. c3 h5 44. h4 Ke5 45. Ke3 Kf5 46. Kf3 Ke5 47. g4 Kd5 48. gxh5 gxh5 49. Kf4 Kc4 50. Kg5 Kb3 51. Kxh5 Kxb2 52. Kg4 Kxc3 53. h5 Kxb4 54. h6 c5 55. h7 c4 56. h8Q c3 57. Kf3 Kb3 58. Ke3 a5 59. Kd3 1-0